Drama de Trujillo, Cronología comentada nueva canosa (Record no. 7561)
[ view plain ]
| 000 -LEADER | |
|---|---|
| campo de control de longitud fija | 00401nam a2200145Ia 4500 |
| 001 - NÚMERO DE CONTROL | |
| campo de control | 4200 |
| 008 - DATOS DE LONGITUD FIJA--INFORMACIÓN GENERAL | |
| campo de control de longitud fija | 241024s9999 xx 000 0 und d |
| 020 ## - NÚMERO INTERNACIONAL ESTÁNDAR DEL LIBRO | |
| Número Internacional Estándar del Libro | 978-9945-074-64-2 |
| 082 ## - NÚMERO DE LA CLASIFICACIÓN DECIMAL DEWEY | |
| Número de clasificación | RD/972.93053/R696c |
| 100 ## - ENTRADA PRINCIPAL--NOMBRE DE PERSONA | |
| Nombre de persona | Alonso Rodríguez Demorizi |
| 245 #0 - MENCIÓN DEL TÍTULO | |
| Título | Drama de Trujillo, Cronología comentada nueva canosa |
| 260 ## - PUBLICACIÓN, DISTRIBUCIÓN, ETC. | |
| Nombre del editor, distribuidor, etc. | Editora Búho |
| Fecha de publicación, distribución, etc. | 2012 |
| 901 ## - ELEMENTOS DE DATOS A LOCAL LDA (RLIN) | |
| a | 19/8/2016 2:59:29 p.m. |
No items available.